Dead or Alive - Statistics

General Stats
  • This quiz has been taken 335 times
    261 since last reset
  • The average score is 14 of 15
Answer Stats
Dead or Alive? % Correct
Vladimir Putin is {Alive}
100%
J. K. Rowling is {Alive}
98%
Martin Luther King is {Dead}
98%
Natalie Wood is {Dead}
98%
Nelson Mandela is {Dead}
98%
Lionel Messi is {Alive}
97%
Christopher Columbus is {Dead}
96%
Michael Jordan is {Alive}
96%
Emmet Till is {Dead}
95%
Judy Blume is {Alive}
95%
Kim Kardashian is {Alive}
95%
Lance Armstrong is {Alive}
95%
Pam Anderson is {Alive}
95%
Ferdinand Magellan is {Dead}
93%
Anne Buechler is {Alive}
90%
No matching quizzes found
Score Distribution
Percent of People with Each Score
Percentile by Number Answered
Your Score History
You have not taken this quiz since the last reset